| 000 | 00521nam a2200181Ia 4500 | ||
|---|---|---|---|
| 008 | 100917s9999 xx 000 0 und d | ||
| 082 | _b36753 | ||
| 100 | _aआपटे ह. ना. | ||
| 245 | _aकालकूट (आ. 3) | ||
| 260 |
_bआर्यभूषण मुद्रणालय _c1964 |
||
| 300 | _a124 | ||
| 365 | _b1.5 | ||
| 520 | _aकादंबरी | ||
| 630 | _aकालकूट (आ. 3) | ||
| 650 | _aकादंबरी | ||
| 730 | _aकालकूट (आ. 3) | ||
| 942 | _cBOOK | ||
| 999 |
_c642147 _d642144 |
||